| 000 | 02823nam0a2200409 4500 | ||
|---|---|---|---|
| 001 | RU\NLR\BIBL_A\022180651 | ||
| 005 | 20260409063037.0 | ||
| 010 |
_a978-5-392-39064-9 _91000 |
||
| 035 | _a(NLR Aleph) 022180651 | ||
| 090 |
_a13495426 _c13495426 |
||
| 100 | _a20240327d2023 k y0rusy50 ca | ||
| 101 | 0 | _arus | |
| 102 | _aRU | ||
| 105 | _ay z 000yy | ||
| 181 | 0 |
_ai _baxxe |
|
| 182 | 0 | _an | |
| 200 | 1 |
_aПраво в культурном измерении _eновые векторы развития _eмонография _eпо состоянию на 1 сентября 2022 г. _f[Автономов Алексей Станиславович, доктор юридических наук, профессор, Бабурин Сергей Николаевич, заслуженный деятель науки Российской Федерации, доктор юридических наук, профессор, Багдасарян Сусанна Джамиловна, профессор, доктор исторических наук, доцент и др.] _gпод общей редакцией докторов юридических наук, профессоров В. Н. Синюкова, М. А. Егоровой _gМинистерство науки и высшего образования Российской Федерации, Московский государственный юридический университет имени О. Е. Кутафина (МГЮА) |
|
| 203 |
_aТекст _bвизуальный _cнепосредственный |
||
| 210 |
_aМосква _cПроспект _d2023 |
||
| 215 |
_a355 с. _d22 |
||
| 300 | _aАвт. указаны на с. 3–5 | ||
| 320 | _aБиблиогр. в конце гл. и в подстроч. примеч. | ||
| 606 | 1 |
_aПравовая культура _91490275 _3RU\NLR\AUTH\66640466 |
|
| 606 | 1 |
_aПраво и культура _92283289 _3RU\NLR\AUTH\661367869 |
|
| 686 | 1 | _aХ062 | |
| 686 | 1 | _aХ082 | |
| 686 | 1 | _aХ621.152 | |
| 701 | 1 |
_8rus _7ca _aАвтономов _bА. С. _f1959- _gАлексей Станиславович _3RU\NLR\AUTH\7737349 _920338 |
|
| 701 | 1 |
_aБабурин _bС. Н. _f1959- _gСергей Николаевич |
|
| 701 | 1 |
_aБагдасарян _bС. Д. _cд-р ист. наук _f1973- _gСусанна Джамиловна _9152355 _3RU\NLR\AUTH\770152393 |
|
| 702 | 1 |
_aСинюков _bВ. Н. _gВладимир Николаевич _4340 |
|
| 712 | 0 | 2 |
_4570 _aМосковский государственный юридический университет им. О. Е. Кутафина _3RU\NLR\AUTH\8810235884 _9357016 |
| 942 | _cBOOK | ||
| 980 | _aNB | ||